00394nam a2200145Ia 4500008004100000020001500041041001200056082001600068100001900084245007300103260003500176300000800211650001400219700001500233221030s9999 xx 000 0 und d a8177588982 aEnglish a105.23bGon aR. C. Gonzalez 0aDigital Image Processing Using MATLABcby R. C. Gonzalez, R.E. Woods bPearson EducationaDelhic2006 a620 aComputers aR.E. Woods